| 000 | 00745nam a22001577a 4500 | ||
|---|---|---|---|
| 003 | OSt | ||
| 005 | 20160224161618.0 | ||
| 008 | 160224b xxu||||| |||| 00| 0 eng d | ||
| 040 | _cRUA | ||
| 082 | _aVEM SON 2014 B434 Or.1 | ||
| 100 |
_97438 _aSON PEARAK; ស៊ន ភារះ |
||
| 245 | _aStudy on pasteurellosis on duck and theirs antibodies by using ha and HI-test at somroung district, takeo province; ការសិក្សាលើជំងឺអាសន្នរោគទាកាប៉ា និងអង់ទីគ័ររបស់វាតាមរយះ HA and HI-test នៅស្រុកសំរោង ខេត្តតាកែវ | ||
| 260 |
_aPhnom Penh _bRUA _c2014 |
||
| 300 |
_ax;35p. _bill. _c29cm. |
||
| 942 |
_2ddc _cVEM |
||
| 999 |
_c7025 _d7025 |
||